[Event "Pula CC-ch"]
[Site "Pula"]
[Date "2014.01.31"]
[Round "5"]
[White "Milanovic, Miroslav"]
[Black "Grubesic, Franjo"]
[Result "1-0"]
[WhiteElo "1502"]
[BlackElo "1610"]
[PlyCount "94"]
[EventDate "2014.01.17"]
[EventType "swiss"]
[EventRounds "9"]
[EventCountry "CRO"]
[SourceTitle "EXT 2016"]
[Source "ChessBase"]
[SourceDate "2015.10.08"]
[SourceVersion "1"]
[SourceVersionDate "2015.10.08"]
[SourceQuality "1"]

1. e4 e5 2. Nf3 Nc6 3. Bc4 h6 4. c3 Bc5 5. d3 d6 6. Nbd2 Nf6 7. Nf1 Ng4 8. Ne3 Nxe3 9. Bxe3 Bxe3 10. fxe3 Bg4 11. 0-0 0-0 12. b4 a6 13. Qe1 Be6 14. Bb3 Qd7 15. Qg3 Ne7 16. Nh4 Bxb3 17. axb3 Kh7 18. Nf5 Nxf5 19. Rxf5 f6 20. Qf2 Rf7 21. Rf3 Raf8 22. c4 Rg8 23. Rf1 Rgf8 24. Rh3 Qe6 25. Qf5+ Qxf5 26. exf5 Rg8 27. Kf2 g6 28. fxg6+ Rxg6 29. Rg3 Rg5 30. Rxg5 hxg5 31. Ke2 Kg6 32. e4 Rh7 33. h3 Rh4 34. Rf3 Rf4 35. g3 Rxf3 36. Kxf3 Kh5 37. Ke3 g4 38. h4 Kg6 39. d4 b6 40. Kd3 f5 41. exf5+ Kxf5 42. dxe5 dxe5 43. b5 axb5 44. cxb5 e4+ 45. Ke3 Ke5 46. h5 Kf5 47. Kd4 Kg5 1-0